| 000 | 00623nam a2200193 a 4500 | ||
|---|---|---|---|
| 001 | 000047110 | ||
| 005 | 20201002053350.0 | ||
| 008 | 180416s2015 dr abc 000 0 spa d | ||
| 020 | _a9789945123548 | ||
| 040 |
_aDO-SdBNP _bspa _cBNPHU |
||
| 082 |
_axxxx _bxxxx |
||
| 100 | 1 |
_aHernández Tejada, Margarita _950027 |
|
| 245 | 1 | 0 |
_aCiencias sociales 3 : _bprimaria / _cMargarita Hernández Tejada. |
| 260 |
_aSanto Domingo : _bSusaeta, _c2015. |
||
| 300 |
_a141 p. : _bil., mapas, retrs. ; _c29 cm. |
||
| 500 | _aEnfoque por competencias nuevo currículo | ||
| 504 | _aBibliografía : p 141 | ||
| 590 | _aInventariado, 2018/LP | ||
| 999 |
_c46598 _d46598 |
||